000 00899nam a22002897a 4500
003 UA-OsUOA
001 21130
007 ta
008 20031119b un ||||| |||| 00| 0 ukr d
100 _aСоловьев Е.Д.
700 _aЧугунов А.И.
700 _aМосквитина Т.М.
700 _aСахарова Е.В.
700 _aЧервяков В.А.
090 _a94(4)"1939/1945"
_bП43
942 _cBK
040 _aUA-OsUOA
_brus
_cUA-OsUOA
_dUA-OsUOA
245 _aПограничные войска СССР в Великой Отечественной войне 1941
_bсборник документов и матириалов
300 _a944 с.
_bІлюстрації
955 _a1
041 _arus
080 _a94(4)"1939/1945"
260 _aМосква
_bНаука
_c1976
044 _aRU
650 7 _2UDC
999 _c307323
_d307323